|
|
|
|
| LEADER |
00000nam a22000007a 4500 |
| 005 |
20220728161556.0 |
| 007 |
cr|||| |||| |
| 008 |
220728s2021 es |||||s|||| 00||0 spa d |
| 020 |
|
|
|a 978-84-1122-195-5
|
| 035 |
|
|
|a 36488
|
| 040 |
|
|
|a vLex
|
| 090 |
|
|
|c 13655
|d 13655
|
| 100 |
1 |
|
|a Narvèz Martn̕ez, Jos ̌Ricardo
|
| 245 |
1 |
0 |
|a Tratado de derecho civil
|h [Recurso electrn̤ico] :
|b La fe pb︢lica registral /
|c Jos ̌Ricardo Narvèz Martn̕ez, Gabriela Naranjo Guevara, Francisco M. Mora Sifuentes
|n Tomo X
|
| 256 |
|
|
|a Servicio en ln̕ea
|
| 260 |
|
|
|a Madrid:
|b Dykinson,
|c 2021
|
| 300 |
|
|
|a 1 recurso electrn̤ico
|
| 500 |
|
|
|a El presente tomo se concibi ̤inicialmente como tomo X del Tratado de Derecho civil dirigido por Joaqun̕ Rams Albesa. De dicho tratado se llegaron a publicar algunos tomos. Al igual que con otros intentos ms̀ ambiciosos en la historia (como el cľebre Tratado prc̀tico y crt̕ico de Derecho civil concebido por don Federico de Castro, del que sl̤o se llegaron a publicar unos pocos tomos), el tratado ha quedado inacabado. No obstante, hemos preferido mantener en su tt̕ulo la pertenencia a dicho tratado, aunque se publique en tiempo y forma diferentes de la que tuvieron los anteriores tomos. Por ello, el prl̤ogo que hace cabeza del presente tomo es obra ps̤tuma de Joaqun̕ Rams. Con su persona, y con la intervencin̤ en la obra de Jos ̌Luis Lacruz Bescs̤, hemos pretendido asimismo poner un eslabn̤ ms̀ en la cadena de la tradicin̤ fundada por Jos ̌Luis Lacruz Berdejo, de la que formaba parte Joaqun̕.
|
| 506 |
1 |
|
|a Disponible solo en los productos indicados
|d vLex Global
|d vLex Global (Academic Edition, excluding Law Schools)
|d vLex Global (U.S. Academic Edition, Law Schools)
|d vLex Global (U.S. Academic Edition, excluding Law Schools)
|d vLex Global (Academic Edition, Law Schools)
|
| 650 |
0 |
4 |
|a Derecho Civil
|z Espaą
|
| 700 |
1 |
|
|a Naranjo Guevara, Gabriela
|
| 700 |
1 |
|
|a Mora Sifuentes, Francisco M.
|
| 740 |
0 |
|
|a vLex Libros (Servicio en ln̕ea)
|
| 856 |
4 |
0 |
|u https://app.vlex.com/#/sources/36488
|z Acceso restringido
|
| 942 |
|
|
|c BOOK
|
| 999 |
0 |
|
|a Civil Law
|